Probalility and statistics : (Record no. 170281)

MARC details
000 -LEADER
fixed length control field 00619nam a22001817a 4500
005 - DATE AND TIME OF LATEST TRANSACTION
control field 20191212162630.0
010 ## - LCCN (DPL NO)
LC control number ENG-127109
020 ## - INTERNATIONAL STANDARD BOOK NUMBER
Terms of availability 425.00
International Standard Book Number 9789353167554
035 ## - SYSTEM CONTROL NUMBER
System control number EN-110641
037 ## - SOURCE OF ACQUISITION
Source of stock number/acquisition DBAD/PUB
082 ## - DEWEY DECIMAL CLASSIFICATION NUMBER
Classification number 519.2
100 ## - MAIN ENTRY--PERSONAL NAME
Personal name Ravish R Singh
245 ## - TITLE STATEMENT
Title Probalility and statistics :
Statement of responsibility, etc by Ravish R Singh [and] Mukul Bhatt
Remainder of title Gujrat technological university 2019 /
260 ## - PUBLICATION, DISTRIBUTION, ETC. (IMPRINT)
Place of publication, distribution, etc Chennai
Name of publisher, distributor, etc McGraw Hill Education
Date of publication, distribution, etc 2020
270 ## - ADDRESS
Address 444/1, Sri Ekambara Naicker Industrial Estate
City Porur , Chennai
Postal code 600116
300 ## - PHYSICAL DESCRIPTION
Extent various paging.
Dimensions 22cm(pbk)
942 ## - ADDED ENTRY ELEMENTS (KOHA)
Source of classification or shelving scheme Dewey Decimal Classification
Item type English Books
Classification part 519.2
Call number suffix RAV
Holdings
Withdrawn status Lost status Not for loan Collection code Home library Current library Date acquired Source of acquisition Cost, normal purchase price Full call number Barcode Copy number Cost, replacement price Koha item type
      Non-fiction D.B.Act.Division Mobile Library 12/12/2019 DBAD/PUB 425.00 519.2 RAV EN-110641 1 425.00 English Books

© Delhi Public Library
Hit Counter
free hit counter